| 000 | 01262nam a22002897a 4500 | ||
|---|---|---|---|
| 005 | 20240530110617.0 | ||
| 008 | 161128s2015 ua ak g b 000 0 ara d | ||
| 017 |
_a13256 _bمصر . دار الكتب المصرية |
||
| 020 | _a9789774103312 | ||
| 040 | _aEG-CaGPL | ||
| 082 | 0 | 4 |
_221 _a333.7924\ _bأ ج |
| 100 | 0 | _aايمن عبد السلام ابراهيم | |
| 245 | 1 | 2 |
_aالجدوى الاقتصادية والبيئية لصناعة الطاقة النووية : _bابرز التحديات التي تواجه هذه الصناعة / _cايمن عبد السلام ابراهيم |
| 250 | _aط .1 | ||
| 260 |
_aالمنصورة : _bالمكتبة العصرية للنشر والتوزيع ، _c2015 . |
||
| 300 |
_a231 ص. : _bجداول ، اشكال ؛ _c24 سم. |
||
| 504 | _aببليوجرافية : ص 214 - 227 | ||
| 650 | 0 | 7 |
_2qrmak _aالطاقة النووية |
| 650 | 0 | 7 |
_2qrmak _aالوقود النووي |
| 650 | 0 | 7 |
_2qrmak _aاليورانيوم |
| 650 | 0 | 7 |
_2qrmak _aالمفاعلات النووية |
| 650 | 0 | 7 |
_2qrmak _aالاسلحة النووية |
| 650 | 0 | 7 |
_2qrmak _aالجدوى الاقتصادية |
| 650 | 0 | 7 |
_2qrmak _aدراسة الجدوى |
| 942 |
_2ddc _cBK |
||
| 999 |
_c62981 _d62981 |
||